| 000 | 00633cam a2200253 4500 | ||
|---|---|---|---|
| 001 | ABS65112 | ||
| 008 | 020312n2002 000 0 eng u | ||
| 035 | _a(Sirsi) u117099 | ||
| 245 | _aFocus 2002: South Wales | ||
| 260 | _c2002 | ||
| 490 |
_aEstates Gazette _v(02080 23 February 2002, 75-131(18) |
||
| 590 | _aABS | ||
| 650 | _aOFFICES | ||
| 650 | _aRETAIL | ||
| 650 | _aINDUSTRIAL | ||
| 650 | _aCARDIFF | ||
| 650 | _aSWANSEA | ||
| 650 | _aMACOB HOLDINGS | ||
| 650 | _aVACANT SPACE | ||
| 650 | _aLAND VALUES | ||
| 650 | _aWALES | ||
| 690 | _aPROPERTY-COMMERCIAL PROPERTY-COMMERCIAL PROPERTY MARKET | ||
| 942 | _n0 | ||
| 999 |
_c69762 _d69762 |
||